| 000 | 00867nam a22002171i 4500 | ||
|---|---|---|---|
| 001 | 21648 | ||
| 090 | _a21648 | ||
| 100 | _a20170304u u u0frey50 ba | ||
| 101 | 0 | _apor | |
| 200 | 1 |
_fSibila Marques _aDiscriminação da terceira idade |
|
| 215 |
_a102, [10] p. _d21 cm |
||
| 300 | _aOferta da Fundação Francisco Manuel dos Santos | ||
| 700 | 1 |
_aMarques _bSibila _4070 |
|
| 210 |
_cRelógio D'Água _dD.L. 2011 |
||
| 210 |
_cFundação Francisco Manuel dos Santos _aLisboa _dD.L. 2011 |
||
| 225 | 2 |
_aEnsaios da Fundação _v12 |
|
| 410 | 0 | _tEnsaios da Fundação | |
| 996 |
_f0031320 _kMAR _m00000000 _n00000000 _aBMVA _b1 _vViana do Alentejo _xSociologia _y22 _eLivro _10 _31 |
||
| 996 |
_f0031321 _kMAR _m00000000 _n00000000 _aBMVA _b1 _vAguiar _xSociologia _y22 _eLivro _10 _31 |
||
| 996 |
_f0031322 _kMAR _m00000000 _n00000000 _aBMVAAL _b3 _vAlcáçovas _xSociologia _y22 _eLivro _10 _31 |
||
| 990 | _cLIVROS | ||